Statistics for Highest rated teams in Nba 2k16(Current Teams)

Click here to take the quiz!

General Stats

  • This quiz has been taken 927 times
  • The average score is 8 of 10

Answer Stats

HINTAnswer% Correct
South BeachHeat
94%
Lob CityClippers
88%
"We The North"Raptors
84%
Old CoachSpurs
81%
No more Dynamic DuoThunder
75%
First Girl In the NBAWarriors
75%
The KingCavs
73%
BearGrizzlies
72%
Fastest 2k playerWizards
58%
kawkawHawks
54%

Score Distribution

Percentile by Number Answered

Percent of People with Each Score

Your Score History

You have not taken this quiz